| 000 | 01058naa a2200301 c 4500 | ||
|---|---|---|---|
| 001 | 29677 | ||
| 003 | ES-MaCES | ||
| 005 | 20150929135545.0 | ||
| 008 | 970605n1995 sp ||| | spa d | ||
| 035 | _aCES19980036212v | ||
| 040 |
_aES-MaCES _bspa _cES-MaCES |
||
| 100 | 1 |
_aCullen, Paul _910284 |
|
| 245 | 1 | 4 |
_aLos country enterprises boards (CEB) de Irlanda _b: potencial de nuevas fuentes de empleo _cPaul Cullen |
| 650 | 4 |
_aIrlanda _926951 |
|
| 650 | 4 |
_anivel local _927220 |
|
| 650 | 4 |
_acreación de empresa _930016 |
|
| 650 | 4 |
_aasesoramiento _929786 |
|
| 650 | 4 |
_aservicios consultivos en materia de gestión _929652 |
|
| 650 | 4 |
_aorganización regional _926703 |
|
| 653 | 1 | 0 | _aEmpresa |
| 650 | 4 |
_928178 _aempresa |
|
| 650 | 4 |
_929242 _acreación de empleos |
|
| 650 | 4 |
_926641 _aayuda económica |
|
| 773 | 0 |
_tRevista de economía y sociología del trabajo _gMadrid. - N. 29-30 ; (sept.-dic. 1995) ; p. 45-47 _w(ES-MaCES)25168 |
|
| 902 | _aART Artículo de revista | ||
| 942 |
_2CES _cAR _h0.0. |
||
| 999 |
_c29677 _d29677 |
||